Countries with Plants on their Flags - Statistics

General Stats
  • This quiz has been taken 13 times
  • The average score is 13 of 20
Answer Stats
Hint Continent Answer % Correct
Maple Leaf North America Canada
100%
Cactus/Laurel Branch/Oak Branch North America Mexico
92%
Olive Branch Asia Cyprus
83%
Pine Tree Asia Lebanon
83%
Grass/Laurel Wreath North America El Salvador
75%
Holm Oak Tree/Laurel Branch/Palm Frond* South America Peru
75%
Grass/Palm Tree/Olive Branch/Laurel Branch* South America Bolivia
67%
Grass/Laurel Branch/Palm Frond South America Ecuador
67%
Palm Tree/Grass North America Haiti
67%
Grass North America Nicaragua
67%
Mahogany Tree/Grass/Wreath North America Belize
58%
Barren tree branch North America Dominica
58%
Olive Branch Europe Moldova
58%
Pomegranate Europe Spain
58%
Grass/Olive Branch* North America Costa Rica
50%
Laurel Branch/Palm Frond North America Dominican Republic
50%
Cocoa Pod/Sugar Cane/Palm Tree/Olive Branch/Bananas Oceania Fiji
50%
Oak and Laurel Wreath Europe San Marino
42%
Ceiba Tree Africa Equatorial Guinea
33%
Olive Branch/Wreath Africa Eritrea
33%
No matching quizzes found
Score Distribution
Percent of People with Each Score
Percentile by Number Answered
Your Score History
You have not taken this quiz